[Event "RUS-Cup4"]
[Site "Perm"]
[Date "1997.02.13"]
[Round "6"]
[White "Zakharevich, Igor"]
[Black "Prokopchuk, Evgeny"]
[Result "0-1"]
[WhiteElo "2505"]
[BlackElo "2440"]
[Annotator "Tisdall,J"]
[PlyCount "74"]
[EventDate "1997.02.02"]
[EventType "swiss"]
[EventRounds "9"]
[EventCountry "RUS"]
[SourceTitle "CBM 058"]
[Source "ChessBase"]
[SourceDate "1997.06.01"]
[SourceVersion "1"]
[SourceVersionDate "1997.06.01"]
[SourceQuality "1"]

1. d4 Nf6 2. c4 e6 3. Nf3 b6 4. Nc3 Bb4 5. Bg5 Bb7 6. e3 h6 7. Bh4 g5 8. Bg3
Ne4 9. Qc2 Bxc3+ 10. bxc3 Nxg3 11. fxg3 {A dynamic but risky line that has not
produced good results for white.} d6 12. Bd3 Nd7 13. O-O (13. Be4) 13... Qe7
14. a4 a5 15. Be4 (15. Rf2 $5 O-O-O 16. Be4 Ba6 17. Nd2 f5 18. Bd3 Bb7 19. e4
$13 {0-1 Campos Moreno,J-Rozentalis,E/Moscow olm 1994 (59)}) 15... Bxe4 16.
Qxe4 O-O 17. Nd2 $5 $146 (17. Qc6 f5 $1 18. Qxc7 $2 Rfc8 19. Qb7 Qd8 $19 {
0-1 Vaganian,R-Plaskett,J/London 1986 (39)}) 17... f5 18. Qd3 Nf6 19. e4 fxe4
20. Nxe4 Kg7 21. h4 $1 (21. Nxf6 Rxf6 22. Rxf6 Qxf6 23. Rf1 Qg6 24. Qf3 Re8 $15
) 21... Nh7 22. h5 Rxf1+ 23. Rxf1 Rf8 24. Rxf8 Nxf8 (24... Qxf8 $142) 25. g4
Qe8 26. Qf3 Nh7 (26... Qf7 $5) 27. d5 $1 {/\ ><f5, <=>} exd5 28. cxd5 (28. Ng3
Nf6 29. cxd5 (29. Nf5+ Kh7 30. Nxh6 Qe1+ 31. Kh2 Qe5+) 29... Qxa4 {game}) 28...
Qxa4 29. Ng3 Nf6 30. Nf5+ Kh7 31. Nd4 (31. Nxh6 $5 Qf4 32. Qd3+ Ne4 33. Nf7 $1
$132 Kg7 34. Nd8 Qxg4 35. Qd4+ Nf6 36. Ne6+ Kf7 37. Nd8+ $11) 31... Kg7 32. Qf5
$5 (32. Ne6+ $11) 32... Qe8 $1 33. Ne6+ Kf7 34. c4 $2 (34. Qg6+ Ke7 35. Qxh6
Nxd5 (35... a4 36. Qxg5 a3 $13) 36. Qxg5+ Kxe6 37. Qf5+ Ke7 38. Qxd5 Qf7 39.
Qe4+ $11) 34... a4 $1 35. Qf3 (35. Qg6+ Ke7 36. Qxh6 a3 $19) 35... c6 36. Qd3
cxd5 37. cxd5 a3 0-1

[Event "RUS-Cup03 Geller Memorial"]
[Site "Moscow"]
[Date "1999.02.07"]
[Round "6"]
[White "Zakharevich, Igor"]
[Black "Saulin, Dmitri"]
[Result "0-1"]
[WhiteElo "2532"]
[BlackElo "2427"]
[Annotator "Tisdall,J"]
[PlyCount "64"]
[EventDate "1999.02.10"]
[EventType "swiss"]
[EventRounds "9"]
[EventCountry "RUS"]
[SourceTitle "CBM 070"]
[Source "ChessBase"]
[SourceDate "1999.06.08"]
[SourceVersion "1"]
[SourceVersionDate "1999.06.08"]
[SourceQuality "1"]

1. d4 Nf6 2. c4 e6 3. Nf3 b6 4. Nc3 Bb4 5. Bg5 Bb7 6. e3 h6 7. Bh4 Bxc3+ 8.
bxc3 d6 9. Nd2 Nbd7 (9... g5 10. Bg3 Qe7 11. f3 e5 12. e4 c5 13. Bf2 Nbd7 14.
Bd3 Nh5 15. O-O Nf4 16. Bc2 O-O-O 17. Re1 h5 18. Nf1 g4 19. Ne3 gxf3 20. Qxf3
Qg5 21. d5 Rdg8 22. Kh1 Kc7 23. Rg1 Nf6 24. Raf1 h4 25. g4 hxg3 26. Bxg3 Rh3
27. Bd1 Rgh8 28. Bxf4 Qh4 29. Qf2 exf4 30. Qxh4 R8xh4 31. Ng4 Bc8 32. Rxf4 Nxg4
33. Rgxg4 Bxg4 34. Bxg4 Rxh2+ 35. Kg1 Rh7 36. Bf5 R2h4 37. Rf3 Rg7+ 38. Kf2
Rh2+ 39. Ke3 Rxa2 40. e5 dxe5 {0-1 Malinin,Y-Zagrebelny,S/Russian Cup 9th Leg,
Novgorod RUS 1997 (40)}) 10. f3 Qe7 11. Bd3 g5 (11... e5 12. e4 Nf8 13. Nf1 Ng6
14. Bf2 Nf4 15. Ne3 Bc8 16. O-O O-O 17. Re1 Nxd3 18. Qxd3 Nh5 19. Nd5 Qd8 20.
Rad1 Be6 21. Qe3 c6 22. Nb4 Qc7 23. dxe5 dxe5 24. c5 b5 25. Rd6 Bd7 26. Qd2 Be8
27. Nd3 Qe7 28. g4 Nf6 29. Bh4 Nxe4 30. Bxe7 Nxd2 31. Nxe5 Nc4 32. Nxc4 bxc4
33. Red1 {1-0 Zakharevich,I-Pavlov,A/Russian Cup 9th Leg, Novgorod RUS 1997 
(33)}) 12. Bf2 e5 $5 {For some reason this natural move is very rarely played
in this exact position.} (12... O-O-O 13. Qa4 Kb8 14. O-O-O c5 (14... Nh5 15.
Rhe1 f5 {1/2-1/2 Piket,J-Ivanchuk,V/Dortmund 1995/CBM 48 (15)}) 15. e4 Nh5 16.
Rhe1 Nf4 17. Bf1 e5 18. Nb3 Nf6 19. Na1 Rc8 20. Nc2 Rhd8 21. Ne3 h5 22. Nf5 Qc7
23. g3 Ng6 24. Be3 Nh7 25. d5 Rh8 26. Ng7 h4 27. Nf5 hxg3 28. hxg3 Rcg8 29. Bh3
Bc8 30. Rh1 Bd7 31. Qb3 f6 32. Bg4 Nhf8 33. a4 {1/2-1/2 Gligoric,S-Hjartarson,
J/Belgrade 1987/CBM 04 (33)}) (12... Nh5 13. g4 (13. Qa4 f5 14. g4 (14. h4 Kf7
15. hxg5 hxg5 16. O-O-O a6 17. e4 f4 18. Rh3 Nhf6 19. Rdh1 Rxh3 20. Rxh3 Kg7 {
1/2-1/2 Rohde,M-Wilder,M/USA-ch 1988/CBM 11 (20)}) 14... Ng7 15. e4 fxg4 16.
fxg4 h5 17. O-O-O hxg4 18. Be3 Rh3 19. Rde1 O-O-O 20. Qxa7 c5 21. Rhg1 Kc7 22.
Qa4 e5 23. d5 Nh5 24. Nf1 Nf4 25. Qc2 Nf6 26. Ng3 Qh7 27. Nf1 Ra8 28. Kb2 Bc8
29. Ka1 Bd7 30. Rb1 Nxd3 31. Qxd3 Qxe4 32. Qxe4 Nxe4 33. Rb3 Rf3 34. a3 Raf8
35. Rb1 Nxc3 36. Re1 Rf2 37. Bd2 Ne2 38. Rh1 Nd4 39. Kb2 Nf3 40. Rd1 Ba4 41.
Kc1 {0-1 Maksimovic,B-Cebalo,M/JUG-ch 1988/EXT 97 (41)}) 13... Ng7 14. Qa4 a6
15. h4 Rg8 16. hxg5 hxg5 17. Be4 O-O-O 18. Bxb7+ Kxb7 19. O-O-O Rh8 20. e4 e5
21. d5 Nb8 22. Qb3 Nd7 23. Qb2 Nc5 24. Bxc5 dxc5 25. Nb3 Ka7 26. a4 a5 27. Nd2
Rdg8 28. Nb1 Ne8 29. Na3 Qf6 30. Qg2 Rh4 31. Rxh4 gxh4 32. Kc2 Nd6 33. Rh1 Qg5
34. Qh3 Rh8 35. Kd3 {1/2-1/2 Wasmuth,M-Meier,V/Hamburg 1988/EXT 97 (35)}) 13.
Qa4 $6 {White prefers to leave out the equally natural response} (13. e4 {
which of course would allow black typical counterplay against f4 and d4. Black
takes up the challenge, and achieves a very comfortable position with his
straightforward plan.}) 13... e4 14. Be2 exf3 15. Bxf3 Ne4 16. Nxe4 Bxe4 {
Black's position must take preference here as white has a real chore trying to
liberate the passive bishop on f2 as well as making something out of his
fractured pawn structure.} 17. h4 Rg8 18. hxg5 hxg5 19. O-O-O a5 20. Rh5 O-O-O
21. Qb5 f5 22. Rh6 (22. Rdh1 {looks more constructive.}) 22... Rh8 23. Rdh1
Rxh6 24. Rxh6 f4 {A very bold decision, which seems a bit illogical - although
it creates avenues of attack, it offers to solve two of white's most pressing
problems, namely, the weakness on e3 and the career prospects of the bishop on
f2. It also creates a very unpleasant weakness on d7, and black must be
extremely careful now.} (24... Bxf3 25. gxf3 f4 {is another option, though it
is hardly less drastic than the game.} 26. e4 g4 $5 27. Bh4 Qg7 {when black's
position is falling apart but his g-pawn should at least balance this.}) (24...
Kb8 $5 {looks like the methodical way to play the position, improving the
coordination of his forces before taking action.}) 25. Bg4 $1 Bxg2 26. c5 $2 (
26. exf4 $5 {looks far more appealing, creating a route back into the game for
the Bf2, and shedding the weakness on e3. The question is whether or not black
can capitalize on the open e-file, and it seems he can. The difference between
this and the game is perhaps motivated by not wishing to give black the g5
square, but it is hard to believe that white does not increase his chances by
at least creating the chance of bringing the bishop into play via h4.} gxf4 {
And now white does not have to risk all with} 27. Bh4 {which does allow too
much of a counterattack:} ({The prophylactic} 27. Kb2 $5 {however, prepares to
fully activate his forces. After} Qg7 (27... Kb8 $2 28. Bh4) 28. Qh5 {looks
like real counterplay. In this game both sides ask for trouble by refusing to
tuck their kings away safely.}) 27... Qe3+ 28. Kb2 Qd2+ 29. Kb3 (29. Ka3 Qxc3+
30. Qb3 Qc1+ 31. Qb2 Qe3+ 32. Qb3 Rg8 33. Be6 Rg7) 29... Be4 $1 30. Bxd7+ (30.
Qa6+ Kb8 $19) 30... Kb8 31. Bxd8 Bc2+ 32. Kb2 Ba4+ $19 {and unfortunately for
white losing his queen is not the end of his troubles.}) 26... dxc5 27. dxc5 $4
({Both} 27. exf4 {and}) (27. Re6 {were better.}) 27... Qe5 $1 {[%csl Rc3,Rh8]
[%cal Re5b5] A very nifty move, guarding against accidents on the last rank,
paralyzing the aggressive c5 pawn and homing in on the white king. Not
surprisingly for such a multi-purpose move, it proves impossible to meet.} 28.
Qd3 (28. Kd2 Kb8 $1) (28. Kb2 fxe3 $19 29. Bxe3 Qxe3 30. Bxd7+ Rxd7 31. Qa6+
Bb7 32. Rh8+ Rd8 33. Rxd8+ Kxd8 34. Qxb7 Qxc5) 28... Qxc5 29. e4 $6 (29. Bxd7+
Rxd7 30. Qa6+ (30. Rh8+ Kb7 31. Qxd7 Qxc3+ {mates.}) 30... Kd8 (30... Bb7 {
should also be good enough:} 31. Rh8+ Rd8 32. Rxd8+ Kxd8 33. Qxb7 Qxc3+ {
and white will not be able to keep his bishop.}) 31. Rh8+ Ke7 32. Rh7+ Kf6 $1)
(29. Rh7 {was the most stubborn.}) 29... Qxf2 30. Bxd7+ Kb8 31. e5 (31. Bc6 $5
{prolonged the agony a bit.}) 31... Qe1+ 32. Kb2 Qxe5 0-1

[Event "Olympiad-33"]
[Site "Elista"]
[Date "1998.10.01"]
[Round "3.2"]
[White "Bareev, Evgeny"]
[Black "Nisipeanu, Liviu Dieter"]
[Result "1/2-1/2"]
[WhiteElo "2690"]
[BlackElo "2575"]
[Annotator "Tisdall,J"]
[PlyCount "86"]
[EventDate "1998.09.29"]
[EventType "team-swiss"]
[EventRounds "13"]
[EventCountry "RUS"]
[SourceTitle "CBM 068"]
[Source "ChessBase"]
[SourceDate "1999.02.01"]
[SourceVersion "1"]
[SourceVersionDate "1999.02.01"]
[SourceQuality "1"]
[WhiteTeam "Russia"]
[BlackTeam "Romania"]
[WhiteTeamCountry "RUS"]
[BlackTeamCountry "ROU"]

{[%mdl 512]} 1. d4 Nf6 2. c4 e6 3. Nf3 b6 4. Nc3 Bb4 5. Bg5 Bb7 6. Nd2 h6 7.
Bh4 Bxc3 8. bxc3 d6 9. f3 Nbd7 10. e4 e5 11. Be2 Nf8 (11... O-O 12. Nf1 Re8 (
12... Qe8 13. Ne3 Nh5 14. Nf5 Kh7 15. Qd2 Nf4 16. Bd1 Ba6 17. dxe5 Nxe5 18. Bc2
Ne6 19. Bf6 Nxc4 20. Nxg7 Nxd2 21. Nxe8 Nc4 22. e5+ Kg8 23. exd6 cxd6 $19 {
0-1 Schroer,J-Dauvergne,P/Philadelphia 1986/EXT 97 (36)}) 13. Ne3 Nf8 14. Nd5
g5 15. Bf2 Ng6 $132 {1-0 Hultin,J-Jansson,J/Oslo 1992/CBM 28 ext (48)}) 12. Bf2
Ne6 13. Qb3 (13. Rb1 $5) (13. g3 $5) 13... O-O 14. g3 (14. c5 Nf4 (14... exd4
15. cxd4 dxc5 16. dxc5 Nd4 17. Qc4) 15. Bf1 exd4 16. cxd4 dxc5 17. dxc5 Qe7 $36
) 14... Nd7 15. Rb1 Kh8 (15... exd4 16. cxd4 c5 17. d5 Nd4 18. Bxd4 cxd4 19.
Qb2 $1 f5 20. Qxd4 $14) (15... f5 $2 16. c5 Qe7 17. c6 $1 Bxc6 18. Bc4 Rae8 19.
Bxe6+ {and d5 +-.}) 16. Qc2 Qf6 (16... Qg5 $5 {keeping the path of the f-pawn
open looks tempting. Although the game continuation gains access to c5, black
forfeits a great deal of potential counterplay by abandoning the option of ...
f5, which seems to have been his idea up to here.}) 17. d5 Nec5 18. Nf1 {
[%csl Gf5][%cal Gf1e3,Ge3f5] Preparing to complete the clamp down on black's
position by taking firm control of f5. White seems to have nice long-term
attacking chances, but black is very solid and the latent pressure against e4
makes it difficult for white to open lines on the kingside.} Qd8 19. Ne3 (19.
h4 $5 {deserved attention, since white maintains different options by delaying
the development of the knight - it may be better posted on g3, for example.
White may also be able to use the c1-h6 diagonal by waiting to deploy the
knight.}) 19... Nf6 20. g4 {Now black's position is very passive, and he must
plan countermeasures to white's gradual expansion.} Ng8 21. Qd2 Bc8 22. Bd1 (
22. Nf5 $5) 22... Bd7 23. h4 h5 $5 {A very spirited move that leads to amazing
consequences on this flank. In any case, black does not wish to allow h4-h5
which would snuff out any hope of black organizing counterplay on this side of
the board. Nevertheless, moves like this are always rather impressive since
the taboo against disrupting one's own king cover is very strong.} 24. Nf5 (24.
gxh5 {obviously grants black counterplay in several ways;} Nf6 (24... f5 $5)
25. h6 g6 $44 {though the game continuation gives black chances to mount
pressure against e4.}) 24... hxg4 25. Bxc5 dxc5 (25... Bxf5 26. exf5 (26. Bf2
$2 Bh7) 26... dxc5 27. fxg4 {must favor white, whose bishop should become
immensely powerful.}) 26. fxg4 g6 $5 {Another bit of voluntary kingside
perforation from black, and again it spells the beginning of surprising
counterplay.} 27. Ne3 $5 (27. Nh6 $5 {"feels" more natural, and looks quite
promising.} Nf6 (27... f6 28. Nxg8 Kxg8 29. Qh6 Be8 30. g5 $36 {and with h4-h5
next white will take charge of line-opening on the kingside.}) 28. h5 Kg7 (
28... Nxe4 $4 29. Nxf7+ $1 ({or} 29. Qe3 $1)) 29. Qe3 (29. Nxf7 $5 {is the
romantic option. It leads to fascinating complications, but there is no reason
to speculate like this...} Kxf7 30. hxg6+ Kxg6 31. Rh6+ (31. Qh6+ Kf7 32. g5
Rh8 $1 $17 33. Qxh8 (33. g6+ Ke7 34. Qg7+ Kd6) 33... Qxh8 34. Rxh8 Rxh8 35.
gxf6 Rh2) 31... Kf7 32. g5 Nxe4 (32... Ng8 $5 33. Rh7+ (33. Bh5+ Kg7 34. Rg6+
Kh7 {and it is hard (to put it mildly) to see how to transform the clumsy duo
on g6 and h5 into an attacking force.}) (33. Rh1 $1 {is best, with continuing
attacking chances.}) 33... Kg6 34. Qh2 Qxg5 35. Rxd7 Nf6 {[%cal Gf8h8,Gh8h1]
and black's counterplay is overwhelming.}) 33. Bh5+ Kg7 $1 (33... Ke7 34. d6+
$1 Nxd6 35. Rh7+ Rf7 (35... Nf7 36. Qf2 $1 $18) 36. Bxf7 Nxf7 37. Qf2 $18) 34.
Rg6+ Kh7 $11) 29... Rh8 30. hxg6 (30. g5 Nh7 $132) 30... fxg6 31. Rb2 $40 {
and white's attacking potential is clear.}) 27... Qf6 28. Qg2 $1 {This
prepares an extremely clever tactical manoeuvre based on trapping black's
queen. However, this turns out to be only the beginning of the day's fun.} (28.
h5 $5 Kg7) 28... Qf4 29. Kd2 $1 Nf6 30. Rf1 (30. Kd3 $5) 30... Nxe4+ $1 {
As much as one has to admire what black is about to do, and as difficult as it
is to assess what is about to happen, it is only safe to say that this is
certainly black's best practical continuation. But it would be a miracle if
the rest of this game is "sound".} (30... Qxe4 31. Bf3 (31. Rxf6 $5 Qxb1 32.
Bc2 Qxa2 33. h5) 31... Qf4 32. Be2 Qe4 33. Qg1 $1 {also snares the black queen.
}) 31. Kd3 f5 $3 32. Rxf4 (32. gxf5 $2 Qg3 $1 33. Qxe4 Bxf5 34. Rxf5 gxf5 $17)
32... exf4 {This must have been a delightful situation in time pressure.} 33.
Nf1 (33. Nc2 fxg4) (33. gxf5 $5 fxe3 34. fxg6 Kg7 35. h5 {may provide enough
of a counterattack to allow white to utilize his material advantage, but it
looks far too dangerous with his own king wandering in the crossfire of
black's well coordinated army.} Rae8) 33... fxg4 $1 34. Kxe4 f3 {[%mdl 1024]
Though it is impossible not to be thrilled by black's concept, the voice of
reason suggests that somewhere around here white's vast material superiority
must be convertible to some sort of clear advantage.} 35. Qb2 $6 (35. Qg3 $5 {
offers to pitch back some of the surplus while keeping control of e1, black's
pawn swarm and staying closer to black's king. This seems to me to offer
better chances of regaining control.} Rae8+ 36. Kd3 Bf5+ 37. Kd2 Bxb1 38. Qxg4
f2 39. Be2 {and white is consolidating his advantage.} (39. h5 $5 Re1 $132))
35... Rae8+ 36. Kd3 Re1 $3 {[%mdl 2048] Black's priorities are clear, mobilize
the passed pawns. The exclamation points are for resourcefulness, but there is
little doubt that white should be able to capitalize on his extra material.}
37. Ng3 $2 (37. Qf2 $5 Bf5+ 38. Kd2 Rxf1 39. Qxf1 Bxb1 40. Qf2 $16 {and white
should eventually reach some kind of favorable Q vs. R + B ending.} Bxa2 {
would be desirable if it worked, but} (40... Rf7 $5) (40... g3 41. Qxg3 f2 42.
Be2 f1=Q 43. Bxf1 Rxf1 44. Qxc7 $18) 41. Qe3 {[%csl Rh6] is very dangerous for
black;} Kg7 42. Qe5+ Rf6 43. Qxc7+ Rf7 (43... Kg8) 44. d6 f2 45. Be2 g3 46. d7
g2 47. Qe5+ $18) 37... f2 $44 38. Be2 Rg1 (38... Rf3+ $5 39. Kd2 $1 {and white
neutralizes black's bag of tricks.} (39. Bxf3 $2 {would fall for} Bf5+ $1 40.
Kd2 Rxb1 41. Qa3 gxf3 42. Qxa7 Rg1 43. Qb8+ Kh7 44. Qxc7+ Kg8 45. Nxf5 gxf5 46.
Qd8+ Kh7 47. Qd7+ $11)) 39. Nf1 Bf5+ 40. Kd2 g3 {Time control reached and
black is no longer in any danger.} 41. Bf3 (41. Nxg3 Rxb1 42. Qa3 Bh3 (42... a5
$5) (42... Re8 $5 $44 {is safest since it paralyzes whites forces - the Qa3
must guard against ...Rb2+.}) 43. Qxa7 $13 {Black is certain to reach a decent
material balance here, but may shed too many pawns en route.}) 41... Bxb1 42.
Qxb1 Rxf3 43. Qxg6 g2 (43... g2 44. Qh6+ (44. Qh5+ Kg7 45. Qg4+ Kf7 46. Qxf3+
Ke7 47. Qe4+ Kd8 48. d6 $1 {This motif, which strips the black king bare,
always assures white perpetual check.})) (43... Rxf1 44. Qh5+ Kg7 45. Qxf3 Rg1
{offers no hope of the king escaping;} 46. Qg4+ $11) 1/2-1/2

[Event "Tan Chin Nam Cup 3rd "]
[Site "Beijing"]
[Date "1997.08.12"]
[Round "3"]
[White "Lin, Weiguo"]
[Black "Tiviakov, Sergei"]
[Result "0-1"]
[WhiteElo "2470"]
[BlackElo "2590"]
[Annotator "Tisdall,J"]
[PlyCount "94"]
[EventDate "1997.08.11"]
[EventType "tourn"]
[EventRounds "11"]
[EventCountry "CHN"]
[EventCategory "12"]
[SourceTitle "CBM 061"]
[Source "ChessBase"]
[SourceDate "1997.11.23"]
[SourceVersion "1"]
[SourceVersionDate "1997.11.23"]
[SourceQuality "1"]

1. d4 Nf6 2. c4 e6 3. Nf3 b6 4. Nc3 Bb4 5. Bg5 Bb7 6. e3 h6 7. Bh4 Bxc3+ 8.
bxc3 d6 9. Bd3 Nbd7 10. Qc2 Qe7 11. e4 e5 (11... g5 12. Bg3 Nh5 13. Nd2 Nf4 14.
Bxf4 gxf4 15. O-O Rg8 16. f3 h5 17. Rf2 e5 18. Nb3 h4 19. h3 Kf8 20. Rb1 Bc8
21. c5 dxc5 22. Kh1 Nf6 23. dxc5 Be6 24. cxb6 axb6 25. Bb5 {1/2-1/2 Ravikumar,
V-Spassky,B/London Lloyds 1984/MCL 06}) 12. O-O-O (12. Nd2 $5 c5 (12... g5 13.
Bg3 exd4 14. cxd4 Nxe4 15. O-O $1) 13. f3 Nf8 (13... exd4 $5) 14. dxe5 dxe5 15.
Nf1 Ng6 16. Bg3 Nh5 17. Ne3 Nxg3 18. hxg3 O-O-O 19. Rh5 Nf8 20. Nd5 Bxd5 21.
cxd5 Nd7 22. Bb5 Nf6 23. Rh1 Ne8 24. Bxe8 Rhxe8 25. c4 Rd6 26. Kf2 Qg5 {
Vokac,M-Golod,V/Ceske Budejovice op 1994/EXT 94op/1-0 (74)}) 12... O-O-O 13.
Nd2 {[%csl Gd2,Gd5,Gf5][%cal Gd2f1,Gf1g3,Gf1e3] Aiming for a standard journey
towards attractive squares. Black combats this by active pressure on other
spots in the white camp.} g5 14. Bg3 Nh5 15. f3 (15. Nf1 Qf6 {may transpose to
the game.} (15... f5 16. exf5 Bxg2 {is also possible, when black must reckon
with the positional exchange sacrifice} 17. Be4 $5 {trying to monopolize the
light squares.})) 15... Nf4 16. Nf1 Qf6 17. Qb2 (17. Qf2 {looks more desirable
if it is possible. There doesn't seem to be anything drastically wrong with it,
though white may have feared some possibilities on the h8-a1 diagonal after a
possible ...exd4 and ...Nc5. The most likely drawback is that white will find
it harder to bolster the d4 square and a variation like} Ne6 (17... Nxd3+ 18.
Rxd3 Ba6 19. Ne3 Qe6 20. Rdd1) 18. Bc2 exd4 19. cxd4 c5 {should give black a
pleasant position.}) 17... g4 18. Qf2 {Now black cannot increase the pressure
on d4 with ...Ne6 since he has loosened his kingside.} (18. fxg4 $2 Nxd3+ 19.
Rxd3 Bxe4 {and white's pawn structure is a mess.}) 18... gxf3 19. gxf3 Nh3 $1 {
[%cal Gd8h4,Gg1g8] An attractive idea to increase further his grip on the
kingside and prevent white from gaining any benefit from the newly opened
lines here.} 20. Qe3 {[%csl Rf3]} h5 21. Be1 h4 22. Nd2 Nf8 {Now black sends
the other knight into the game, renewing the plan of forcing concessions by
increasing the pressure against d4, en route perhaps to f4. White needs to act.
} 23. c5 $5 {A thematic sacrifice to disrupt black's pawn structure and
prevent the c5 square from falling into his hands.} dxc5 (23... exd4 $5 24.
Qxd4 (24. cxd4 dxc5 {gives black too much pressure in the center and on the
long dark-squared diagonal.} 25. d5 Ng6) 24... Qxd4 25. cxd4 dxc5 26. Bf1 Nf4
27. dxc5 $15) 24. dxc5 (24. d5 {denies black the e6-square but does not give
white much positive compensation for the pawn.}) 24... Ne6 25. cxb6 axb6 26.
Nb3 Nhf4 27. Bf1 Qg5 28. Rxd8+ Rxd8 29. Bd2 Kb8 $5 $15 (29... f5 $5 {is the
most energetic.} 30. Bc4 Qf6 31. exf5 Ng5 $17 (31... Qxf5 32. Re1 $132)) (29...
Qe7 $5) 30. a4 Qe7 31. Kb2 Qd7 32. Be1 (32. a5 bxa5 33. Be1 a4 34. Na5 Qd1 $19)
32... Qxa4 (32... h3 $5) (32... Nd3+ 33. Bxd3 Qxd3 34. Qxd3 Rxd3 35. Bxh4 Rxf3
36. Nd2 {should not pose serious problems for white.}) (32... Qd1 33. Bxh4 Rd3
34. Bxd3 Nxd3+ 35. Ka3 Qxh1 36. Qxd3 Qxh2 37. Be7 {is roughly equal.}) 33. Bxh4
Rd1 $1 34. Bb5 Qxb5 35. Rxd1 Ng2 36. Qf2 Nxh4 37. Qxh4 (37. c4 Qb4 38. Qxh4 Nc5
39. Qd8+ Bc8 40. Rd3 Nxd3+ 41. Qxd3 Be6) 37... Nc5 38. Qd8+ Bc8 $19 39. Kc2 (
39. Qd5 Be6) 39... Qxb3+ 40. Kd2 Qb2+ 41. Ke3 Qxh2 42. Ra1 Qc2 43. Ra8+ Kxa8
44. Qxc8+ Ka7 45. Qxc7+ Ka6 46. Qxe5 Na4 47. Kf4 Qxc3 0-1